Шероховатости поверхностей и их практическое применение в программе "КОМПАС" (Запись № 9860708)

Подробности
000 -МАРКЕР
контрольное поле 02560nam0a2200349 i 4500
001 - ИДЕНТИФИКАТОР ЗАПИСИ
контрольное поле RU\NLR\BIBL_A\010730028
005 - ИДЕНТИФИКАТОР ВЕРСИИ
контрольное поле 20241103082704.0
010 ## - МЕЖДУНАРОДНЫЙ СТАНДАРТНЫЙ НОМЕР КНИГИ (ISBN)
Номер (ISBN) 9785799612917
Тираж 120
021 ## - НОМЕР ГОСУДАРСТВЕННОЙ РЕГИСТРАЦИИ
Код страны Российская Федерация
Номер 2015-13947
Номер Листа государственной регистраци 849
035 ## - ДРУГИЕ СИСТЕМНЫЕ НОМЕРА
Идентификатор записи (NILC)RuMoRGB-007884109
035 ## - ДРУГИЕ СИСТЕМНЫЕ НОМЕРА
Идентификатор записи (NLR Aleph) 010730028
100 ## - ДАННЫЕ ОБЩЕЙ ОБРАБОТКИ
Данные общей обработки 20150415d2014 um y0rusy50 ca
101 0# - ЯЗЫК РЕСУРСА
Язык текста, звукозаписи и т.д. русский
102 ## - СТРАНА ПУБЛИКАЦИИ ИЛИ ПРОИЗВОДСТВА
Страна публикации Российская Федерация
105 ## - ПОЛЕ КОДИРОВАННЫХ ДАННЫХ: ТЕКСТОВЫЕ МАТЕРИАЛЫ, МОНОГРАФИЧЕСКИЕ
Кодированные данные о монографическом текстовом документе a|||j|||000yy
200 1# - ЗАГЛАВИЕ И СВЕДЕНИЯ ОБ ОТВЕТСТВЕННОСТИ
Основное заглавие Шероховатости поверхностей и их практическое применение в программе "КОМПАС"
Сведения, относящиеся к заглавию учебное пособие для студентов, обучающихся по направлениям 150400 - Металлургия, 151600 - Технология машиностроения, 151900 - Конструкторско-технологическое обеспечение машиностроительного производства, 140400 - Электроэнергетика и электротехника
Первые сведения об ответственности И. П. Конакова, И. И. Пирогова
Последующие сведения об ответственности М-во образования и науки Российской Федерации, Уральский федеральный ун-т им. первого Президента России Б. Н. Ельцина, Ин-т фундаментального образования
210 ## - ПУБЛИКАЦИЯ, РАСПРОСТРАНЕНИЕ И ДР.
Место издания, распространения и т.д. Екатеринбург
Имя издателя, распространителя и т. д. Изд-во Уральского университета
Дата издания, распространения и т.д. 2014
215 ## - ФИЗИЧЕСКАЯ ХАРАКТЕРИСТИКА
Специфическое обозначение материала и объем 102 с.
Другие сведения о физической характеристике ил.
Размеры 29
320 ## - ПРИМЕЧАНИЯ О НАЛИЧИИ В ДОКУМЕНТЕ БИБЛИОГРАФИИ / УКАЗАТЕЛЯ
Текст примечания Библиогр.: с. 100-101 (21 назв.)
606 1# - НАИМЕНОВАНИЕ ТЕМЫ КАК ПРЕДМЕТ
Наименование темы Шероховатость поверхности
Формальный подзаголовок Учебные издания для высших учебных заведений
Тематический подзаголовок Обозначение на чертежах
Системный номер авторитетной/нормативной записи 2116212
Идентификатор авторитетной/нормативной записи RU\NLR\AUTH\661278417
606 ## - НАИМЕНОВАНИЕ ТЕМЫ КАК ПРЕДМЕТ
Наименование темы КОМПАС, система автоматизированного проектирования
Формальный подзаголовок Учебные издания для высших учебных заведений
Системный номер авторитетной/нормативной записи 2224695
Идентификатор авторитетной/нормативной записи RU\NLR\AUTH\661335600
686 1# - ИНДЕКСЫ ДРУГИХ КЛАССИФИКАЦИЙ
Индекс Ж112.013я73-1
686 1# - ИНДЕКСЫ ДРУГИХ КЛАССИФИКАЦИЙ
Индекс Ж2-5-05я73-1
700 #1 - ИМЯ ЛИЦА - ПЕРВИЧНАЯ ОТВЕТСТВЕННОСТЬ
Начальный элемент ввода Конакова
Часть имени, кроме начального элемента ввода И. П.
Дополнения к именам, кроме дат канд. техн. наук
Даты 1953-
Расширение инициалов личного имени Ирина Павловна
Системный номер авторитетной/нормативной записи 189523
Идентификатор авторитетной/нормативной записи RU\NLR\AUTH\770189574
701 #1 - ИМЯ ЛИЦА - АЛЬТЕРНАТИВНАЯ ОТВЕТСТВЕННОСТЬ
Начальный элемент ввода Пирогова
Часть имени, кроме начального элемента ввода И. И.
Дополнения к именам, кроме дат преподаватель, инженерная графика
Расширение инициалов личного имени Инна Ивановна
Системный номер авторитетной/нормативной записи 189527
Идентификатор авторитетной/нормативной записи RU\NLR\AUTH\770189578
801 #0 - ИСТОЧНИК ЗАПИСИ
Страна Российская Федерация
Организация РГБ
Дата составления 20150311
Правила каталогизации RCR
801 #1 - ИСТОЧНИК ЗАПИСИ
Страна Российская Федерация
Организация РГБ
Дата составления 20150311
Источник данных rusmarc
942 ## - ДОПОЛНИТЕЛЬНЫЕ ЭЛЕМЕНТЫ ЗАПИСИ (АБИС)
Тип экземпляра АБИС Книга
980 ## - КОЛЛЕКЦИЯ
Название коллекции НБР

Нет доступных экземпляров.